Central Library OPAC University of Rajshahi

Shakespeare / (Record no. 55692)

MARC details
000 -LEADER
fixed length control field 00778nam a2200253 a 4500
001 - CONTROL NUMBER
control field 55692
003 - CONTROL NUMBER IDENTIFIER
rucl marc code BD-RjUL
005 - DATE AND TIME OF LATEST TRANSACTION
control field 20211209080313.0
008 - FIXED-LENGTH DATA ELEMENTS--GENERAL INFORMATION
fixed length control field 161121s1962 nyu||||| |||| 00| 0 eng d
035 ## - SYSTEM CONTROL NUMBER
System control number (BD-RjUL)55816
040 ## - CATALOGING SOURCE
Original cataloging agency BD-RjUL
Language of cataloging eng
Transcribing agency BD-RjUL
041 ## - LANGUAGE CODE
Language code of text/sound track or separate title eng
082 ## - DEWEY DECIMAL CLASSIFICATION NUMBER
Edition number 23
Classification number 822.33
Author mark and year BRS 1962
100 1# - MAIN ENTRY--PERSONAL NAME
Personal name Brown, Ivor
9 (RLIN) 165877
245 10 - TITLE STATEMENT
Title Shakespeare /
Statement of responsibility, etc. Ivor Brown
260 ## - PUBLICATION, DISTRIBUTION, ETC. (IMPRINT)
Place of publication, distribution, etc. New York :
Name of publisher, distributor, etc. Time Incorporated,
Date of publication, distribution, etc. ©1962.
300 ## - PHYSICAL DESCRIPTION
Pagination xiii, 393 p. :
Illustrations ill. ;
Size 21 cm
490 ## - SERIES STATEMENT
Series statement Time reading program special edition
500 ## - GENERAL NOTE
General note Includes Index
600 ## - SUBJECT ADDED ENTRY--PERSONAL NAME
Personal name Shakespeare, William,
General subdivision Dramatists English
Chronological subdivision 1564-1616
General subdivision Early modern
-- Biography
830 ## - SERIES ADDED ENTRY--UNIFORM TITLE
Uniform title Time reading program special edition
942 ## - ADDED ENTRY ELEMENTS (KOHA)
Source of classification or shelving scheme Dewey Decimal Classification
Koha item type Books
Holdings
Lost status Source of classification or shelving scheme Damaged status Not for loan Collection code Permanent Location Current Location Shelving location Date acquired Source of acquisition Total Checkouts Full call number Date last seen Copy number Koha item type
  Dewey Decimal Classification     Non-fiction Central Library, University of Rajshahi Central Library, University of Rajshahi   20/03/1965 Zeitlinger   822.33 BRS 1962 21/11/2016 C-2 Books